Estategias de comercio exterior y su impacto sobre el empleo: Chile en la década del 60
Gespeichert in:
| 1. Verfasser: | |
|---|---|
| Körperschaften: | , |
| Weitere Verfasser: | |
| Format: | Buch |
| Sprache: | Spanisch |
| Veröffentlicht: |
Santiago
CIEPLAN
1978
|
| Schriftenreihe: | Notas Técnicas, 12
|
| Schlagworte: | |
| Tags: |
Tag hinzufügen
Keine Tags, Fügen Sie den ersten Tag hinzu!
|
MARC
| LEADER | 00000nam a2200000 a 4500 | ||
|---|---|---|---|
| 001 | UCR8498 | ||
| 003 | CL-VaPUC | ||
| 008 | 980529e19781100CL |||||||||||||||||spa|d | ||
| 082 | 0 | 4 | |a 382.1 |b COR |2 21 |
| 100 | |a Corbo, Vittorio |e author |9 571707 | ||
| 700 | |a Meller Bock, Patricio |e autor |9 603136 | ||
| 110 | 2 | |a CIEPLAN |e author |9 410337 | |
| 710 | 2 | |a Corporación de Investigaciones Económicas para Latinoamérica |e author |9 410338 | |
| 245 | 1 | 0 | |a Estategias de comercio exterior y su impacto sobre el empleo: Chile en la década del 60 |
| 300 | |a 35 h | ||
| 942 | |c BK | ||
| 945 | |d 19980529 00:00:00 |a cmena | ||
| 260 | |a Santiago |b CIEPLAN |c 1978 | ||
| 650 | 7 | |a COMERCIO INTERNACIONAL |2 CL-VaPUC |9 410339 | |
| 650 | 0 | |a Empleo |9 339124 | |
| 650 | 7 | |a OPORTUNIDADES DE EMPLEO |2 CL-VaPUC |9 410340 | |
| 650 | 0 | |a Desarrollo económico y social |9 256320 | |
| 650 | 7 | |a POLITICA FINANCIERA |2 CL-VaPUC |9 356280 | |
| 650 | 0 | |a Precios |9 260787 | |
| 651 | 7 | |a CHILE |2 CL-VaPUC |9 410341 | |
| 583 | |a last modification |c 19980529 00:00:00 |k Rodrigo Vera | ||
| 490 | 0 | |a Notas Técnicas, 12 | |
| 999 | |c 269902 |d 269900 | ||
| 952 | |0 0 |1 0 |4 0 |6 382_100000000000000_COR_1978 |7 0 |8 A |9 303957 |a BIBENE |b BIBENE |d 2019-11-20 |i 1407414 |o 382.1 COR 1978 |p 1407414 |r 2025-01-15 |w 2019-11-20 |y BK |k ICO | ||